[Event "BCF-chT3W 2223 (4NCL)"]
[Site "England"]
[Date "2023.02.05"]
[Round "6.26"]
[White "Brooks, Phil J"]
[Black "Page, Michael"]
[Result "1-0"]
[WhiteElo "2125"]
[BlackElo "1520"]
[PlyCount "55"]
[EventDate "2022.10.22"]
[EventType "team-tourn"]
[EventRounds "11"]
[EventCountry "ENG"]
[SourceTitle "EXT 2024"]
[Source "ChessBase"]
[SourceDate "2023.10.10"]
[SourceVersion "1"]
[SourceVersionDate "2023.10.10"]
[SourceQuality "1"]
[WhiteTeam "Warwicks Select"]
[BlackTeam "MK Phoenix II"]
[WhiteTeamCountry "ENG"]
[BlackTeamCountry "ENG"]

1. d4 d5 2. c4 e5 3. dxe5 d4 4. Nf3 Nc6 5. a3 Be6 6. e3 dxe3 7. Qxd8+ Rxd8 8. Bxe3 Nge7 9. Nc3 Nf5 10. Nb5 Rd7 11. Rd1 Nxe3 12. fxe3 Be7 13. Be2 0-0 14. Rxd7 Bxd7 15. Nxc7 Nxe5 16. Nxe5 Bd6 17. Nxd7 Rd8 18. Nb5 Rxd7 19. Nxd6 Rxd6 20. Bd1 Re6 21. Kf2 g6 22. Bf3 b6 23. Rd1 Re7 24. b4 Rc7 25. Rc1 Kf8 26. c5 bxc5 27. bxc5 Ke7 28. c6 1-0

[Event "BCF-chT3W 2223 (4NCL)"]
[Site "England"]
[Date "2022.10.23"]
[Round "2.25"]
[White "Brooks, Phil J"]
[Black "Pozimski, Szymon"]
[Result "1-0"]
[WhiteElo "2125"]
[BlackElo "1972"]
[PlyCount "47"]
[EventDate "2022.10.22"]
[EventType "team-tourn"]
[EventRounds "11"]
[EventCountry "ENG"]
[SourceTitle "EXT 2024"]
[Source "ChessBase"]
[SourceDate "2023.10.10"]
[SourceVersion "1"]
[SourceVersionDate "2023.10.10"]
[SourceQuality "1"]
[WhiteTeam "Warwicks Select"]
[BlackTeam "Oxford II"]
[WhiteTeamCountry "ENG"]
[BlackTeamCountry "ENG"]

1. d4 d5 2. c4 c6 3. Nc3 Nf6 4. cxd5 cxd5 5. Bf4 Nc6 6. e3 Bf5 7. Qb3 Qd7 8. Nf3 e6 9. Ne5 Qc8 10. Bb5 Nd7 11. Rc1 Ndxe5 12. Bxe5 f6 13. Bg3 Kf7 14. 0-0 Be7 15. e4 dxe4 16. d5 exd5 17. Nxd5 Be6 18. Nxe7 Kxe7 19. Qa4 Bd5 20. Rfd1 Rd8 21. Qa3+ Kf7 22. Bd6 Qe6 23. Rxd5 Rxd6 24. Rxd6 1-0

[Event "BCF-chT 2122 (4NCL)"]
[Site "England"]
[Date "2021.11.28"]
[Round "2.104"]
[White "Bradbury, Neil H"]
[Black "Brooks, Phil J"]
[Result "1-0"]
[WhiteElo "2185"]
[BlackElo "2165"]
[PlyCount "43"]
[EventDate "2021.11.27"]
[EventType "team-swiss"]
[EventRounds "11"]
[EventCountry "ENG"]
[SourceTitle "EXT 2023"]
[Source "ChessBase"]
[SourceDate "2022.10.05"]
[SourceVersion "1"]
[SourceVersionDate "2022.10.05"]
[SourceQuality "1"]
[WhiteTeam "The ADS"]
[BlackTeam "Warwicks Select"]
[WhiteTeamCountry "ENG"]
[BlackTeamCountry "ENG"]

1. d4 e6 2. c4 Nf6 3. Nf3 d5 4. g3 Bb4+ 5. Bd2 Be7 6. Bg2 Nbd7 7. 0-0 c6 8. b3 0-0 9. Nc3 b6 10. Bf4 Ba6 11. Qc2 Rc8 12. e4 dxc4 13. Rfd1 Bb4 14. Nd2 b5 15. bxc4 bxc4 16. a3 Ba5 17. Na4 c5 18. dxc5 Nxc5 19. Nxc5 Rxc5 20. Nb3 Qc8 21. Nxc5 Qxc5 22. Bd6 1-0

[Event "GBR-ch 50+ 106th"]
[Site "Torquay"]
[Date "2019.07.30"]
[Round "2"]
[White "McMahon, Paul"]
[Black "Brooks, Phil J"]
[Result "0-1"]
[WhiteElo "1931"]
[BlackElo "2193"]
[PlyCount "86"]
[EventDate "2019.07.29"]
[EventType "swiss"]
[EventRounds "7"]
[EventCountry "ENG"]
[SourceTitle "EXT 2020"]
[Source "ChessBase"]
[SourceDate "2019.10.17"]
[SourceVersion "1"]
[SourceVersionDate "2019.10.17"]
[SourceQuality "1"]

1. e4 e6 2. d4 d5 3. exd5 exd5 4. Nf3 Bd6 5. Bd3 Nc6 6. c3 Nge7 7. 0-0 Bg4 8. Re1 Qd7 9. Nbd2 0-0 10. Nf1 Bf5 11. Bxf5 Nxf5 12. Qd3 Rfe8 13. Bd2 a6 14. Ne3 Nxe3 15. Rxe3 Rxe3 16. Qxe3 Re8 17. Qd3 f6 18. Re1 Rxe1+ 19. Nxe1 Qe6 20. Nc2 Ne7 21. Qf3 b5 22. g3 Qe4 23. Qxe4 dxe4 24. f3 f5 25. Kf2 exf3 26. Kxf3 Kf7 27. Bf4 Nd5 28. Bxd6 cxd6 29. Ne3 Nxe3 30. Kxe3 Kf6 31. b3 g5 32. c4 bxc4 33. bxc4 Ke6 34. h4 h6 35. h5 Kf6 36. c5 Ke6 37. cxd6 Kxd6 38. Kd2 Kd5 39. Kd3 a5 40. a4 f4 41. g4 f3 42. Ke3 f2 43. Kxf2 Kxd4 0-1

[Event "London Classic op 10th"]
[Site "London"]
[Date "2018.12.16"]
[Round "9"]
[White "Bates, Richard"]
[Black "Brooks, Phil J"]
[Result "1/2-1/2"]
[WhiteElo "2372"]
[BlackElo "2184"]
[PlyCount "141"]
[EventDate "2018.12.09"]
[EventType "swiss"]
[EventRounds "9"]
[EventCountry "ENG"]
[SourceTitle "CBM 187 Extra"]
[Source "ChessBase"]
[SourceDate "2018.11.04"]
[SourceVersion "1"]
[SourceVersionDate "2018.11.04"]
[SourceQuality "1"]

1. d4 e6 2. Nf3 d5 3. e3 c5 4. b3 Nc6 5. Bd3 Nf6 6. 0-0 Bd6 7. Bb2 0-0 8. Nbd2 b6 9. a3 Bb7 10. Qe2 Qc7 11. dxc5 bxc5 12. e4 Ne5 13. Nxe5 Bxe5 14. Bxe5 Qxe5 15. exd5 Qxe2 16. Bxe2 Bxd5 17. Bf3 Rad8 18. Rfd1 Rd7 19. Kf1 Rfd8 20. Ke1 Bxf3 21. Nxf3 Ne4 22. Rxd7 Rxd7 23. Ne5 Rd6 24. Rd1 Rxd1+ 25. Kxd1 Nxf2+ 26. Ke2 Ne4 27. Nc6 a6 28. Nb8 a5 29. Nc6 a4 30. bxa4 Nc3+ 31. Kd3 Nxa4 32. Kc4 f6 33. Kb5 Nc3+ 34. Kxc5 e5 35. Kc4 Na4 36. Kb4 Nb6 37. a4 e4 38. a5 Nc8 39. a6 Kf7 40. a7 Nb6 41. Kb5 Na8 42. Nd4 g6 43. Kc6 Ke7 44. g4 e3 45. c4 Kd8 46. c5 Kc8 47. Ne2 h5 48. gxh5 gxh5 49. h4 Nc7 50. Nd4 Na8 51. Kd6 Kb7 52. Ke6 Kxa7 53. Kxf6 Kb7 54. Kg5 Nc7 55. Kxh5 Ne6 56. Ne2 Kc6 57. Kg6 Kxc5 58. h5 Kd6 59. Kf6 Nf8 60. Ng3 Kd7 61. h6 Ke8 62. Ne2 Nh7+ 63. Kg7 Ng5 64. Kg6 Nf7 65. h7 Kf8 66. Kf6 Nh8 67. Nf4 Nf7 68. Ng6+ Ke8 69. Ne5 Nh8 70. Kg7 e2 71. Nf3 1/2-1/2

[Event "London Classic op 10th"]
[Site "London"]
[Date "2018.12.13"]
[Round "5"]
[White "Grigoryan, Meri"]
[Black "Brooks, Phil J"]
[Result "1/2-1/2"]
[WhiteElo "2054"]
[BlackElo "2184"]
[PlyCount "127"]
[EventDate "2018.12.09"]
[EventType "swiss"]
[EventRounds "9"]
[EventCountry "ENG"]
[SourceTitle "CBM 187 Extra"]
[Source "ChessBase"]
[SourceDate "2018.11.04"]
[SourceVersion "1"]
[SourceVersionDate "2018.11.04"]
[SourceQuality "1"]

1. d4 e6 2. Nf3 d5 3. c4 Nf6 4. e3 Be7 5. Nc3 Nbd7 6. Bd3 dxc4 7. Bxc4 a6 8. a4 c5 9. 0-0 0-0 10. Qe2 cxd4 11. exd4 Nb6 12. Bd3 Nbd5 13. Rd1 b6 14. Nxd5 Qxd5 15. Bc4 Qd8 16. Bf4 Bb7 17. Rac1 Nd5 18. Bg3 Qd7 19. Bb3 Rfc8 20. Ne5 Qe8 21. Bc2 Nb4 22. Bb3 Bd5 23. Bxd5 Nxd5 24. Rxc8 Qxc8 25. Qh5 Qe8 26. Rc1 Nf6 27. Qf3 Rc8 28. Rc6 Rxc6 29. Qxc6 Qxc6 30. Nxc6 Nd5 31. Nxe7+ Nxe7 32. Bc7 Nd5 33. Bd6 f6 34. g4 Kf7 35. Kg2 Ke8 36. Kf3 Kd7 37. Bf8 g6 38. Ke4 Kc6 39. h4 Kd7 40. f3 Ke8 41. Ba3 b5 42. axb5 axb5 43. Bc5 Kf7 44. f4 f5+ 45. gxf5 gxf5+ 46. Ke5 h5 47. b4 Ne3 48. Kd6 Ng2 49. d5 exd5 50. Ke5 Nxh4 51. Bf2 Ng6+ 52. Kxf5 Ne7+ 53. Kg5 Nc6 54. Be1 d4 55. Kxh5 d3 56. Bc3 Ne7 57. Kg4 Ke6 58. f5+ Nxf5 59. Kf4 Nd6 60. Ke3 d2 61. Bxd2 Nc4+ 62. Kd3 Nxd2 63. Kxd2 Kd5 64. Kd3 1/2-1/2

[Event "BCF-ch Seniors 50"]
[Site "Hull"]
[Date "2018.08.03"]
[Round "6"]
[White "Gibbs, Dominic V"]
[Black "Brooks, Phil J"]
[Result "1/2-1/2"]
[WhiteElo "1948"]
[BlackElo "2187"]
[PlyCount "63"]
[EventDate "2018.07.29"]
[EventType "swiss"]
[EventRounds "7"]
[EventCountry "ENG"]
[SourceTitle "CBM 185 Extra"]
[Source "ChessBase"]
[SourceDate "2018.07.29"]
[SourceVersion "1"]
[SourceVersionDate "2018.07.29"]
[SourceQuality "1"]

1. e4 e6 2. d4 d5 3. Nd2 dxe4 4. Nxe4 Nd7 5. Nf3 Ngf6 6. Nxf6+ Nxf6 7. Ne5 a6 8. Be3 Bd6 9. Qf3 Qe7 10. Nc4 Nd5 11. Nxd6+ cxd6 12. Bd2 0-0 13. Bd3 b5 14. 0-0 Bb7 15. Qh3 f5 16. a4 b4 17. c4 bxc3 18. bxc3 Nf6 19. f3 Nd7 20. a5 Qf6 21. Rab1 Bc6 22. Qg3 e5 23. Bc4+ Kh8 24. Bg5 Qg6 25. Be7 Qxg3 26. hxg3 Rfc8 27. Bxd6 exd4 28. cxd4 Bxf3 29. Be6 Be4 30. Bxd7 Rd8 31. Bc6 Bxc6 32. Be5 1/2-1/2

[Event "BCF-chT2b 1718 (4NCL)"]
[Site "England"]
[Date "2018.01.13"]
[Round "3.54"]
[White "Moreby, James"]
[Black "Brooks, Phil J"]
[Result "1-0"]
[WhiteElo "2245"]
[BlackElo "2199"]
[PlyCount "79"]
[EventDate "2017.11.11"]
[EventType "team-tourn"]
[EventRounds "7"]
[EventCountry "ENG"]
[SourceTitle "EXT 2020"]
[Source "ChessBase"]
[SourceDate "2019.10.17"]
[SourceVersion "1"]
[SourceVersionDate "2019.10.17"]
[SourceQuality "1"]
[WhiteTeam "North East England"]
[BlackTeam "Warwicks Select"]
[WhiteTeamCountry "ENG"]
[BlackTeamCountry "ENG"]

1. c4 e6 2. Nc3 d5 3. d4 c6 4. Nf3 dxc4 5. a4 Bb4 6. e3 b5 7. Bd2 a5 8. axb5 Bxc3 9. Bxc3 cxb5 10. b3 Bb7 11. bxc4 b4 12. Bb2 Nf6 13. Bd3 0-0 14. 0-0 Nbd7 15. Nd2 Qc7 16. f4 a4 17. Rb1 Rfb8 18. e4 a3 19. Ba1 Bc6 20. e5 Ne8 21. f5 Nf8 22. fxe6 fxe6 23. Qh5 g6 24. Qh3 Ng7 25. Bc2 Qe7 26. Be4 Ra6 27. Qf3 Ba4 28. Nb3 Nd7 29. c5 Ra7 30. Qe2 Qg5 31. Bd3 Bc6 32. Nd2 Nf5 33. Bc4 Nf8 34. Rb3 Ba4 35. Rh3 Qd8 36. Qg4 Rg7 37. Qf4 Bc6 38. Ne4 Bxe4 39. Qxe4 Ne7 40. Rhf3 1-0

[Event "London Classic op"]
[Site "London"]
[Date "2017.12.07"]
[Round "7"]
[White "Wilks, Simon"]
[Black "Brooks, Phil J"]
[Result "0-1"]
[WhiteElo "2022"]
[BlackElo "2192"]
[PlyCount "166"]
[EventDate "2017.12.02"]
[EventType "swiss"]
[EventRounds "9"]
[EventCountry "ENG"]
[SourceTitle "CBM 182 Extra"]
[Source "ChessBase"]
[SourceDate "2018.02.23"]
[SourceVersion "1"]
[SourceVersionDate "2018.02.23"]
[SourceQuality "1"]

1. e4 e6 2. d4 d5 3. Nc3 Bb4 4. e5 Ne7 5. a3 Bxc3+ 6. bxc3 b6 7. Qg4 Ng6 8. Bg5 Qd7 9. h4 h6 10. Bc1 h5 11. Qf3 Ba6 12. Bxa6 Nxa6 13. Bg5 c5 14. Ne2 Ne7 15. Ng3 g6 16. Bf6 Rg8 17. 0-0 Rc8 18. Qd3 Qa4 19. Rfc1 Kd7 20. Bg5 Nb8 21. Ne2 Nf5 22. Ng3 Ne7 23. Qf3 Nbc6 24. Rd1 cxd4 25. cxd4 Ke8 26. c3 Na5 27. Qf6 Qd7 28. Qf3 Rc7 29. Rdb1 Qc6 30. Ne2 Nf5 31. Qd3 Qc4 32. Qd1 Kd7 33. Rb4 Qc6 34. a4 Qb7 35. g3 Qa6 36. Rab1 Rgc8 37. Bd2 Nc4 38. Be1 Ne7 39. Kh2 Nc6 40. R4b3 N6a5 41. Rb4 Nc6 42. R4b3 Rg8 43. Nf4 N6a5 44. Rb4 Qc8 45. Nh3 Qd8 46. Qf3 Kc8 47. Ng5 Qe7 48. Ra1 Rf8 49. Nh7 Rh8 50. Ng5 Nc6 51. Rbb1 Qf8 52. Qf6 Rg8 53. Ra2 Qg7 54. Qf4 Rf8 55. Re2 Kd7 56. Kg2 Ne7 57. Ra1 Na5 58. Rc1 Nf5 59. Nf3 Rfc8 60. Rb1 Rc4 61. Ra1 Qf8 62. Raa2 Qe7 63. Qg5 Ke8 64. Kh3 Qxg5 65. Nxg5 Nb3 66. Rab2 Nc1 67. Rec2 Nd3 68. Nf3 Nxb2 69. Rxb2 Rxa4 70. Bd2 Rcc4 71. Ng5 Ra1 72. f3 Rca4 73. Bf4 R4a2 74. Rxa2 Rxa2 75. g4 Ne7 76. Nh7 Ng8 77. Kg3 Rc2 78. Bg5 a5 79. Nf6+ Nxf6 80. exf6 a4 81. Kf4 a3 82. gxh5 gxh5 83. Bh6 Rg2 0-1

[Event "London Classic op"]
[Site "London"]
[Date "2017.12.06"]
[Round "6"]
[White "Brooks, Phil J"]
[Black "Arjun, Kalyan"]
[Result "0-1"]
[WhiteElo "2192"]
[BlackElo "2419"]
[PlyCount "132"]
[EventDate "2017.12.02"]
[EventType "swiss"]
[EventRounds "9"]
[EventCountry "ENG"]
[SourceTitle "CBM 182 Extra"]
[Source "ChessBase"]
[SourceDate "2018.02.23"]
[SourceVersion "1"]
[SourceVersionDate "2018.02.23"]
[SourceQuality "1"]

1. d4 d5 2. c4 c6 3. cxd5 cxd5 4. Nc3 Nf6 5. Bf4 Nc6 6. e3 Bg4 7. Qb3 Na5 8. Qa4+ Bd7 9. Qc2 e6 10. Bd3 Be7 11. h3 Ne4 12. Nge2 f5 13. 0-0 0-0 14. f3 Nxc3 15. Nxc3 Rc8 16. Qe2 Qb6 17. Rac1 Nc4 18. b3 Nd6 19. Rfd1 Qa5 20. Qb2 b5 21. b4 Qb6 22. Bxd6 Bxd6 23. f4 Ra8 24. Rb1 Kh8 25. Kh1 Rg8 26. Ne2 a5 27. a3 g5 28. fxg5 Rxg5 29. Nf4 Qd8 30. Bf1 Rg3 31. Qf2 Qh4 32. Rb2 a4 33. Rc2 Rag8 34. Rd3 R8g5 35. Rdc3 Kg8 36. Rd3 Kf7 37. Rdc3 Ke7 38. Nd3 Rh5 39. Nc5 Bxc5 40. bxc5 Bc6 41. Kh2 Rhg5 42. Kh1 Kf6 43. Rd3 h5 44. Qd2 Rg8 45. Qf2 Qg5 46. Qf4 Rxh3+ 47. Kg1 Qxf4 48. exf4 Rxd3 49. Bxd3 Rb8 50. Rb2 b4 51. Rxb4 Rxb4 52. axb4 a3 53. Bb1 Bb5 54. Kh2 Ke7 55. Kg3 Kd7 56. Kh4 Kc6 57. Kxh5 Bd3 58. Ba2 Bc4 59. Bb1 Kb5 60. Kg5 Kxb4 61. g4 fxg4 62. Kxg4 Kc3 63. c6 Kb2 64. c7 Ba6 65. f5 exf5+ 66. Bxf5 a2 0-1

[Event "London Classic op"]
[Site "London"]
[Date "2017.12.02"]
[Round "1"]
[White "Brooks, Phil J"]
[Black "Dias, Savin"]
[Result "1-0"]
[WhiteElo "2192"]
[BlackElo "1723"]
[PlyCount "99"]
[EventDate "2017.12.02"]
[EventType "swiss"]
[EventRounds "9"]
[EventCountry "ENG"]
[SourceTitle "CBM 182 Extra"]
[Source "ChessBase"]
[SourceDate "2018.02.23"]
[SourceVersion "1"]
[SourceVersionDate "2018.02.23"]
[SourceQuality "1"]

1. d4 Nf6 2. c4 e6 3. Nc3 Bb4 4. Qc2 0-0 5. a3 Bxc3+ 6. Qxc3 b6 7. Bg5 Bb7 8. f3 d5 9. e3 Nbd7 10. Bd3 h6 11. Bh4 c5 12. cxd5 cxd4 13. Qxd4 e5 14. Qc3 Bxd5 15. e4 Nxe4 16. Bxe4 Qxh4+ 17. g3 Qg5 18. Bxd5 Rac8 19. Qd2 Qxd2+ 20. Kxd2 Rfd8 21. Be4 Nc5+ 22. Ke3 Nxe4 23. fxe4 Rc2 24. Nf3 Rxb2 25. Rhd1 Rb3+ 26. Ke2 Rxd1 27. Rxd1 Rxa3 28. Nxe5 Ra2+ 29. Rd2 Rxd2+ 30. Kxd2 f6 31. Nc6 a6 32. Ne7+ Kf7 33. Nd5 b5 34. Nc7 Kg6 35. Nxa6 f5 36. Ke3 fxe4 37. Kxe4 h5 38. Kf4 Kf6 39. Nc7 g5+ 40. Ke4 g4 41. Kf4 Kg6 42. Nxb5 h4 43. Kxg4 hxg3 44. hxg3 Kh6 45. Kf5 Kh5 46. g4+ Kh6 47. Kf6 Kh7 48. g5 Kh8 49. g6 Kg8 50. g7 1-0

[Event "BCF-ch Seniors 50"]
[Site "Llandudno"]
[Date "2017.08.01"]
[Round "3"]
[White "Lewis, Andrew P"]
[Black "Brooks, Phil J"]
[Result "1-0"]
[WhiteElo "2252"]
[BlackElo "2191"]
[PlyCount "69"]
[EventDate "2017.07.30"]
[EventType "swiss"]
[EventRounds "7"]
[EventCountry "WLS"]
[SourceTitle "CBM 179 Extra"]
[Source "ChessBase"]
[SourceDate "2017.08.23"]
[SourceVersion "1"]
[SourceVersionDate "2017.08.23"]
[SourceQuality "1"]

1. c4 e6 2. Nf3 d5 3. g3 dxc4 4. Bg2 Nd7 5. 0-0 Nb6 6. Qc2 Nf6 7. b3 cxb3 8. axb3 Be7 9. e4 Bd7 10. d4 Bb5 11. Rd1 c6 12. Nc3 Ba6 13. Ne5 0-0 14. Rxa6 bxa6 15. Nxc6 Qd7 16. d5 Rac8 17. Qd3 exd5 18. exd5 Bc5 19. Bb2 Rfe8 20. Na4 Nxa4 21. Bxf6 gxf6 22. bxa4 Kg7 23. Qf3 Qd6 24. Qg4+ Kh8 25. Bf3 Rg8 26. Qh3 Rce8 27. Kg2 Rg5 28. Qh4 Rf5 29. Qg4 Rg5 30. Qh4 Rf5 31. Rc1 Ba3 32. Rb1 Qc5 33. Qd4 Rg5 34. Rb3 Re1 35. Rc3 1-0

[Event "BCF-chT2 1617 (4NCL) Promotion pool"]
[Site "England"]
[Date "2017.05.01"]
[Round "11.46"]
[White "Bailey, Kevin J"]
[Black "Brooks, Phil J"]
[Result "1/2-1/2"]
[WhiteElo "2095"]
[BlackElo "2187"]
[PlyCount "61"]
[EventDate "2016.11.19"]
[EventType "team-tourn"]
[EventRounds "11"]
[EventCountry "ENG"]
[SourceTitle "EXT 2019"]
[Source "ChessBase"]
[SourceDate "2018.10.10"]
[SourceVersion "1"]
[SourceVersionDate "2018.10.10"]
[SourceQuality "1"]
[WhiteTeam "The ADS"]
[BlackTeam "Warwicks Select"]
[WhiteTeamCountry "ENG"]
[BlackTeamCountry "ENG"]

1. e4 e6 2. d4 d5 3. Nd2 Nf6 4. e5 Nfd7 5. Bd3 c5 6. c3 b6 7. Nh3 Ba6 8. Bxa6 Nxa6 9. 0-0 Nc7 10. Re1 Be7 11. Qg4 g6 12. Nf1 h6 13. Nf4 Nf8 14. Be3 c4 15. Nd2 b5 16. a3 a5 17. b3 Qd7 18. bxc4 bxc4 19. a4 h5 20. Qd1 Qc6 21. Qc2 Rg8 22. Nh3 Nd7 23. Bg5 Bxg5 24. Nxg5 Kf8 25. Nf1 Kg7 26. Ng3 Rh8 27. h4 Rab8 28. Reb1 Rxb1+ 29. Rxb1 Nb6 30. Ra1 Qd7 31. Ne2 1/2-1/2

[Event "BCF-chT2 1617 (4NCL) Promotion pool"]
[Site "England"]
[Date "2017.04.30"]
[Round "10.36"]
[White "Brooks, Phil J"]
[Black "Summerscale, Claire"]
[Result "1-0"]
[WhiteElo "2187"]
[BlackElo "1876"]
[PlyCount "59"]
[EventDate "2016.11.19"]
[EventType "team-tourn"]
[EventRounds "11"]
[EventCountry "ENG"]
[SourceTitle "EXT 2019"]
[Source "ChessBase"]
[SourceDate "2018.10.10"]
[SourceVersion "1"]
[SourceVersionDate "2018.10.10"]
[SourceQuality "1"]
[WhiteTeam "Warwicks Select"]
[BlackTeam "Grantham Sharks II"]
[WhiteTeamCountry "ENG"]
[BlackTeamCountry "ENG"]

1. d4 d5 2. c4 e6 3. Nc3 Nf6 4. Bg5 Be7 5. e3 Nbd7 6. cxd5 exd5 7. Bd3 c6 8. Nge2 0-0 9. Qc2 Re8 10. 0-0 Nf8 11. Rab1 Ng6 12. b4 b6 13. b5 Bb7 14. bxc6 Bxc6 15. Bf5 Nh5 16. Bxe7 Rxe7 17. Rfc1 Rc7 18. Ng3 Nxg3 19. hxg3 Bd7 20. Bd3 Kf8 21. Qb3 Be6 22. a4 Ne7 23. Nb5 Rc6 24. Qa3 Kg8 25. Rxc6 Nxc6 26. Rc1 Rc8 27. Rc2 Qd7 28. Qd6 Qxd6 29. Nxd6 Rc7 30. Ba6 1-0